000 00499nam a2200157 4500
001 116629
003 ES-MaACL
007 t|
008 061121s1952 sp r ||||1| gao d
100 1 _aOtero Pedrayo, Ramón,
_d1888-1976
_987917
245 1 0 _aPor os vieiros da saudade
_b: lembranzas e crónicas de un viaxe a Buenos Aires /
_cRamón Otero Pedrayo.
260 _aVigo :
_bGalaxia,
_c1952.
300 _a198 p. ;
_c19 cm.
852 _aES-MaACL
_jC-8418
_bR.33950
999 _c116629
_d116629